| 000 | 00703nam a22002417a 4500 | ||
|---|---|---|---|
| 003 | UA-OsUOA | ||
| 001 | 106924 | ||
| 007 | ta | ||
| 008 | 20140624b un ||||| |||| 00| 0 ukr d | ||
| 100 | _aКопанєва В. | ||
| 090 |
_a021:004.7 _bК65 |
||
| 942 | _cBK | ||
| 040 |
_aUA-OsUOA _bukr _cUA-OsUOA _dUA-OsUOA |
||
| 245 |
_aБібліотека як центр збереження інформаційних ресурсів Інтернету _bмонографія |
||
| 300 | _a198 с. | ||
| 955 | _a1 | ||
| 041 | _aukr | ||
| 080 | _a021:004.7 | ||
| 020 | _a978-966-02-5432-9 | ||
| 260 |
_aК. _bНБУВ _c2009 |
||
| 650 | 7 |
_a02 Бібліотечна справа _2UDC |
|
| 999 |
_c393356 _d393356 |
||